Enmienda del Apendice 1 al 2 de la Poblaciòn Natural de crocodylus Acutus de la bahia de Cispata (Registro nro. 8867)

Detalles MARC
000 -CABECERA
Campo de control 00727 a2200157 4500
005 - FECHA Y HORA DE LA ULTIMA TRANSACCION
Campo de control 20141204150200.0
008 - ELEMENTOS DE LONGITUD FIJA—INFORMACION GENERAL
Campo de control 141204b xxu||||| |||| 00| 0 spa d
040 ## - FUENTE DE CATALOGACIÓN
Agencia transcriptora CO-BoIH
041 ## - IDIOMA
Código de idioma para texto/pista de sonido o título separado Español
100 ## - ASIENTO PRINCIPAL--NOMBRE PERSONAL
Nombre personal Ulloa Delgado, Giovanni Andrés
245 ## - MENCION DE TITULO
Título Enmienda del Apendice 1 al 2 de la Poblaciòn Natural de crocodylus Acutus de la bahia de Cispata
Parte restante del título Propuesta Preliminar
260 ## - PUBLICACION, DISTRIBUCION, ETC. (PIE DE IMPRENTA)
Lugar de publicación, distribución, etc. San Antero
Nombre del editor, distribuidor, etc. Instituto Alexander von Humboldt
Fecha de publicación, distribución, etc. 2006
300 ## - DESCRIPCION FISICA
Extensión 31 p.
773 0# - Item fuente:
Asiento principal Ulloa Delgado, Giovanni Andrš
Lugar, editorial y fecha de publicación San Antero Instituto Alexander von Humboldt 2006
Título Metodologa̕ estandarizada para la estimacin̤ de la poblacin̤ natural de Crocodylus acutus de la baha̕ de Cispat-̀departamento de Cordoba
942 ## - ELEMENTOS ADICIONALES (KOHA)
Sistema de clasificación Local
Tipo de ítem Informe Técnico
Existencias
Withdrawn status Lost status Sistema de Clasificación Damaged status No para préstamo Colección Inventariado Ubicación Permanente Ubicación actual Fecha de adquisición Total Checkouts Número topográfico Inventario / Código de Barras Date last seen Ejemplar Price effective from Forma de adquisición Tipo de material
    Local     Humboldt Inventariado 2017 Bogotá Bogotá 04/12/2014   IAVH-00550 023437 09/08/2024 Ej. 1 04/12/2014 Institucional Informe Técnico